000 005010000a22001690004500
003 MACL
005 20160202163354.0
008 160202b xxu||||| |||| 00| 0 eng d
040 _aMACL
_cMACL
041 _aHindi
082 _a400/GUP
100 _aगुप्‍ता एस. सी
_936478
245 _aअ्ंग्रेजी बोलना सीखें
260 _bअरिहन्‍त पब्लिकेशन
_aमेरठ
350 _a200
942 _cHIN
_k400/GUP
_2ddc
999 _c44782
_d44782